00804nam a2200193Ia 4500003000900000008004100009020001800050040001600068080002500084111009100109245017200200260007300372300001600445490003700461650002800498650001400526650004100540700002900581IN-BaIIA211028s9999 xx 000 0 eng d a0-8194-0166-8 cIIA Library a535(082.1)bSPI-1130 aSociety of Photo-Optical Instrumentation Engineers ConferencecFranced1989 Apr. 25-26 0aNew technologies for astronomybproceedings of the SPIE held in Paris, France, on 25-26 April 1989cedited by Jean-Pierre Swings  aWashingtonbSociety of Photo-Optical Instrumentation Engineersc1989 aviii, 228p. aSPIE proceedings series; v. 1130 aAstronomical techniques aAstronomy aAstronomy and Astrophysics Thesaurus aSwings, Jean-Pierre, ed.